Business communication today / (Record no. 178803)
[ view plain ]
| 000 -LEADER | |
|---|---|
| fixed length control field | 01261 a2200241 4500 |
| 003 - CONTROL NUMBER IDENTIFIER | |
| control field | Nust |
| 005 - DATE AND TIME OF LATEST TRANSACTION | |
| control field | 20230113154251.0 |
| 010 ## - LIBRARY OF CONGRESS CONTROL NUMBER | |
| LC control number | 2002017097 |
| 020 ## - INTERNATIONAL STANDARD BOOK NUMBER | |
| International Standard Book Number | 0130928585 |
| 040 ## - CATALOGING SOURCE | |
| Transcribing agency | Nust |
| 082 00 - DEWEY DECIMAL CLASSIFICATION NUMBER | |
| Classification number | 651.7 |
| 100 1# - MAIN ENTRY--PERSONAL NAME | |
| Personal name | Bov⥥, Courtland L. |
| 9 (RLIN) | 106805 |
| 245 10 - TITLE STATEMENT | |
| Title | Business communication today / |
| Statement of responsibility, etc. | Courtland L. Bov⥥, John V. Thill, Barbara E. Schatzman. |
| 250 ## - EDITION STATEMENT | |
| Edition statement | 7th ed. |
| 260 ## - PUBLICATION, DISTRIBUTION, ETC. | |
| Place of publication, distribution, etc. | Upper Saddle River, NJ : |
| Name of publisher, distributor, etc. | Prentice Hall, |
| Date of publication, distribution, etc. | c2003. |
| 300 ## - PHYSICAL DESCRIPTION | |
| Extent | 1 v. (various pagings) : |
| Other physical details | col. ill., col. map ; |
| Dimensions | 29 cm. |
| 505 ## - FORMATTED CONTENTS NOTE | |
| Formatted contents note | Part 1: Understanding the Foundations of Business Communication (Page-1), Part 2: Applying the Three-Step Writing Process (Page-77), Part 3: : Writing Letters, Memos, e-mail and other Brief Messages (Page-183), Part 4: Finding and Communicating Information (Page-305), Part 5 : Planning, Writing, and Completing Reports and Proposals (Page-375), Part 6: Designing and Delivering Oral Presentations (Page-493), Part 7: Writing Employment Messages and Interviewing for Jobs (Page-541). |
| 650 #0 - SUBJECT ADDED ENTRY--TOPICAL TERM | |
| Topical term or geographic name entry element | Business communication |
| Geographic subdivision | United States |
| 9 (RLIN) | 7259 |
| 650 #0 - SUBJECT ADDED ENTRY--TOPICAL TERM | |
| Topical term or geographic name entry element | Communication in organizations |
| Geographic subdivision | United States |
| 9 (RLIN) | 7260 |
| 700 1# - ADDED ENTRY--PERSONAL NAME | |
| Personal name | Schatzman, Barbara E. |
| 9 (RLIN) | 106806 |
| 700 1# - ADDED ENTRY--PERSONAL NAME | |
| Personal name | Thill, John V. |
| 9 (RLIN) | 21914 |
| 942 ## - ADDED ENTRY ELEMENTS (KOHA) | |
| Source of classification or shelving scheme | |
| Koha item type | Book |
| Withdrawn status | Lost status | Source of classification or shelving scheme | Damaged status | Not for loan | Permanent Location | Current Location | Shelving location | Date acquired | Full call number | Barcode | Date last seen | Price effective from | Koha item type | Public note |
|---|---|---|---|---|---|---|---|---|---|---|---|---|---|---|
| Military College of Signals (MCS) | Military College of Signals (MCS) | General Stacks | 12/12/2016 | 651.7,BOV | MCS33325 | 12/08/2016 | 12/12/2016 | Book | Almirah No.42, Shelf No.3 |
